000 01183cab a2200253 4500
001 ABS59560
008 090401t1998 xxu||||| |||| 00| 0 eng d
035 _a(Sirsi) u88923
041 _aeng
245 _aHospital Plan Insurance Services Ltd v Persaud (VO)
260 _c1998
350 _a0
490 _aRating Appeals
_v[1998] RA 230-313(42)
520 _aLT 30 April 1998. H appealed against a rateable value of £135,300 for premises in London W1. H supported an open market rental value of £300 by comparable evidence from other leases in the same building as well as neighbouring heriditaments, and a subsequent reduction to £280 for matters which detracted from the value. The VO referred to settlements with professional surveyors and evidence from similar buildings in the area to arrive at an OMR of £365, "Held" assessment must be reduced to £130,500.
650 _aCOMPARABLE RENTS
650 _aHOSPITAL PLAN INSURANCE SERVICES LTD V PERSUAD (VO)
650 _aOPEN MARKET RENT
650 _aRATEABLE VALUE
650 _aRATING APPEALS
650 _aRENTAL LEVELS
690 _aRATING AND VALUATION-CASE LAW
942 _n0
948 _c12/10/1998
999 _c56234
_d56234